000 00811pam a2200193 a 4500
020 _a0521326079
082 0 0 _a355/.0094
_bPAR
_cD
100 1 _aParker, Geoffrey,
_948640
245 1 4 _aThe military revolution :
_bmilitary innovation and the rise of the west, 1500-1800 /
_cGeoffrey Parker.
260 _aCambridge [England] ;
_aNew York :
_bCambridge University Press,
_c1988.
300 _axvii, 234 p. :
_bill. ;
_c26 cm.
500 _a"The Lees Knowles lectures, 1984, given at Trinity College, Cambridge"--Half t.p.
500 _aIncludes indexes.
526 _a0
_b0
_c0
_d355_009400000000000_PAR
650 0 _aMilitary art and science
_zEurope
_xHistory
_948837
650 0 _aMilitary art and science
_zEurope
_xHistory
_948837
650 0 _aMilitary art and science
_zEurope
_xHistory
_948837
942 _2ddc
_cBK
999 _c551702
_d551702